000 00426nam a2200169Ia 4500
008 230711s9999||||xx |||||||||||||| ||und||
041 _aENG
082 _a728.314
_bMI-H
100 _aMital,Rajana
245 0 _aHigh-density housing for mixed-income groups
250 _a1st Ed.
260 _c2015
_aGhaziabad
_bCopal Publishing Group
300 _a84p.
650 _aArchitecture
700 _aNandi, Ranjana
942 _cBK
999 _c6047
_d6047